Sports Quiz

Random Sports or MLB Quiz

MLB All-Star Game Lineups 1990-1994 Quiz Stats

 Plays Quiz not verified by Sporcle

Challenge
Share
Tweet
Embed
Score 0/94 Timer 10:00
0 Plays Today
Year Player % Correct
1992 NL LineupBarry Bonds
99.2%
1993 NL LineupBarry Bonds
99.2%
1994 NL LineupBarry Bonds
99.2%
1990 NL LineupRyne Sandberg
98.8%
1990 AL LineupCal Ripken, Jr.
98.8%
1990 AL LineupKen Griffey, Jr.
98.8%
1991 NL LineupRyne Sandberg
98.8%
1991 AL LineupCal Ripken, Jr.
98.8%
1991 AL LineupKen Griffey, Jr.
98.8%
1992 NL LineupRyne Sandberg
98.8%
1992 AL LineupCal Ripken, Jr.
98.8%
1992 AL LineupKen Griffey, Jr.
98.8%
1993 NL LineupRyne Sandberg
98.8%
1993 AL LineupKen Griffey, Jr.
98.8%
1993 AL LineupCal Ripken, Jr.
98.8%
1994 AL LineupKen Griffey, Jr.
98.8%
1994 AL LineupCal Ripken, Jr.
98.8%
1990 NL LineupOzzie Smith
98.4%
1990 AL LineupRickey Henderson
98.4%
1990 AL LineupMark McGwire
98.4%
1991 NL LineupOzzie Smith
98.4%
1991 AL LineupRickey Henderson
98.4%
1992 NL LineupOzzie Smith
98.4%
1992 AL LineupMark McGwire
98.4%
1994 NL LineupOzzie Smith
98.4%
1991 AL LineupDave Henderson
98.2%
1991 NL LineupTony Gwynn
98%
1992 NL LineupTony Gwynn
98%
1994 NL LineupTony Gwynn
98%
1990 AL LineupWade Boggs
97.7%
1991 AL LineupWade Boggs
97.7%
1992 AL LineupWade Boggs
97.7%
Year Player % Correct
1993 AL LineupWade Boggs
97.7%
1994 AL LineupWade Boggs
97.7%
1990 AL LineupSandy Alomar, Jr.
97.3%
1991 NL LineupTom Glavine
97.3%
1991 AL LineupSandy Alomar, Jr.
97.3%
1991 AL LineupRoberto Alomar
97.3%
1992 NL LineupTom Glavine
97.3%
1992 AL LineupRoberto Alomar
97.3%
1992 AL LineupSandy Alomar, Jr.
97.3%
1993 AL LineupRoberto Alomar
97.3%
1994 AL LineupRoberto Alomar
97.3%
1994 AL LineupFrank Thomas
97.3%
1992 AL LineupKirby Puckett
96.7%
1993 NL LineupBarry Larkin
96.7%
1993 AL LineupKirby Puckett
96.7%
1994 AL LineupKirby Puckett
96.7%
1994 NL LineupGreg Maddux
96.3%
1993 AL LineupIvan Rodriguez
95.5%
1994 AL LineupIvan Rodriguez
95.5%
1990 NL LineupAndre Dawson
95.1%
1991 NL LineupAndre Dawson
95.1%
1994 NL LineupMike Piazza
94.5%
1990 NL LineupWill Clark
94.1%
1990 AL LineupJose Canseco
94.1%
1991 NL LineupWill Clark
94.1%
1992 AL LineupJoe Carter
93.9%
1993 AL LineupJoe Carter
93.9%
1994 AL LineupJoe Carter
93.9%
1991 NL LineupBobby Bonilla
90.2%
1990 NL LineupLenny Dykstra
89.3%
1991 AL LineupCecil Fielder
88.7%
1991 NL LineupBenito Santiago
87.9%
Year Player % Correct
1992 NL LineupBenito Santiago
87.9%
1992 NL LineupTerry Pendleton
87.5%
1990 NL LineupKevin Mitchell
87.1%
1993 NL LineupDavid Justice
87.1%
1994 NL LineupMatt Williams
87.1%
1994 NL LineupDavid Justice
87.1%
1993 AL LineupJohn Olerud
86.1%
1990 NL LineupChris Sabo
85.9%
1991 NL LineupChris Sabo
85.9%
1992 NL LineupAndy Van Slyke
85.5%
1993 NL LineupDarren Daulton
84.6%
1991 AL LineupJack Morris
83.2%
1993 NL LineupJohn Kruk
82.6%
1990 AL LineupBob Welch
79.7%
1993 AL LineupPaul Molitor
78.5%
1992 NL LineupFred McGriff
76.8%
1993 NL LineupGary Sheffield
75.8%
1993 NL LineupMarquis Grissom
73%
1990 NL LineupMike Scioscia
72.5%
1990 AL LineupSteve Sax
71.1%
1992 AL LineupKevin Brown
68.9%
1994 AL LineupJimmy Key
63.3%
1993 AL LineupMark Langston
54.9%
1993 NL LineupMark Grace
54.5%
1991 AL LineupDanny Tartabull
52.3%
1993 NL LineupTerry Mulholland
42.4%
1994 NL LineupGregg Jefferies
42%
1990 NL LineupJack Armstrong
41%
1994 NL LineupMariano Duncan
37.1%
1991 NL LineupIvan Calderon
22.1%

You're not logged in!

Compare scores with friends on all Sporcle quizzes.
OR
Log In

You Might Also Like...

Show Comments

Extras

Created Dec 24, 2016ReportNominate
Tags:MLB Quiz, all-star, player, starting, team

Top Quizzes Today


Score Distribution

Your Account Isn't Verified!

In order to create a playlist on Sporcle, you need to verify the email address you used during registration. Go to your Sporcle Settings to finish the process.

Report this User

Report this user for behavior that violates our Community Guidelines.

Details: